Trouver le joueur spécial Brésil - Statistiques

Statistiques générales
  • Ce quiz a été pris 246 fois
  • Le résultat moyen est 14 sur 20
Statistiques - réponses
Par images Réponse % Correct
Ronaldo
99%
Kaka
92%
Marcelo
90%
Neymar
90%
Ronaldinho
90%
Marquinhos
86%
Jesus
82%
Ederson
81%
Fabinho
81%
Coutinho
80%
Firmino
79%
Carlos
75%
Pato
65%
Malcom
64%
Rivaldo
63%
Cesar
58%
Alberto
31%
Romario
26%
Zico
23%
Bebeto
16%
Aucun quiz correspondant
Distribution des résultats
% des personnes avec chaque résultat
Percentile par nombre de réponses
Votre historique - résultats
Vous n’avez pas pris ce quiz